European Countries by Clue - Statistics

General Stats
  • This quiz has been taken 184,022 times
    155,345 since last reset
  • The average score is 23 of 28
Answer Stats
Clues Country % Correct
Napoleon, Champagne, Eiffel Tower France
100%
The Mafia, Pizza, Renaissance Italy
97%
Smallest Country, The Pope Vatican City
97%
Bulldogs, Bobbies, Buckingham United Kingdom
96%
Beer, Black Forest, Beethoven Germany
95%
Crete, Olympics, Parthenon Greece
95%
Ikea, Meatballs, Volvo Sweden
95%
The Kremlin, Cold War, Tchaikovsky Russia
94%
Mozart, Sound of Music, Freud Austria
90%
Chocolate, French Fries, EU Capital Belgium
89%
Cava, Costa del Sol, Tapas Spain
89%
Fjords, Nobel Peace Prize, Ibsen Norway
86%
Cannabis, Canals, Anne Frank Netherlands
85%
Borgen, Cycling, Lego Denmark
80%
Pysanka, Chernobyl, Borscht Ukraine
80%
Prince Albert, Casino, Formula One Monaco
79%
Limerick, Blarney Stone, Emerald Isle Ireland
78%
Sauna, Winter War, Lapland Finland
77%
Alps, Former Yugoslav, Ljubljana Slovenia
73%
Hadron Collider, Watches, Matterhorn Switzerland
72%
Double Eagle Flag, Majority Muslim Albania
71%
Goulash, 1956 Revolt, Lake Balaton Hungary
70%
Kielbasa, Chopin, Copernicus Poland
70%
Catalan, Pyrenees, Co-Princes Andorra
68%
Algarve, The Azores, Douro Valley Portugal
66%
Bohemia, Charles Bridge, Skoda Czech Republic
65%
Island, Knights Hospitaller, Falcon Malta
64%
Skype, Online Voting, Kiiking Estonia
43%
No matching quizzes found
Score Distribution
Percent of People with Each Score
Percentile by Number Answered
Your Score History
You have not taken this quiz since the last reset